Statistics for Quavo Charting Songs (Bubbling Under)

Click here to take the quiz!

General Stats

  • This quiz has been taken 2 times
  • The average score is 13 of 18

Answer Stats

AlbumPeakArtist(s)Song% Correct
QUAVO HUNCHO#20Quavo ft. Madonna & Cardi BChampagne Rose
100%
The Fate of the Furious: The Album#7Lil Uzi Vert, Quavo & Travi$ ScottGo Off
100%
Control the Streets, Vol. 1#10Quavo & Lil YachtyIce Tray
100%
The World is Yours#4Rich The Kid ft. Offset & QuavoLost It
100%
Lil Boat#21Lil Yachty ft. Quavo, Skippa da Flippa & Young ThugMinnesota
100%
Birds in the Trap Sing McKnight and JEFFERY#2Young Thug & Travi$ Scott ft. QuavoPick Up the Phone
100%
Cozy Tapes Vol. 2: Too Cozy#18A$AP Mob ft. A$AP Rocky, Playboi Carti, Quavo, Lil Uzi Vert & Frank OceanRAF
100%
Non-Album Single#7Iggy Azalea ft. QuavoSavior
100%
Meet the Woo 2#10Pop Smoke ft. QuavoShake the Room
100%
Baccend Beezy#3Yella Beezy, Gucci Mane & QuavoBacc At It Again
50%
Evil Genius#5Gucci Mane ft. QuavoBipolar
50%
White Friday (CM9)#16Yo Gotti ft. Kanye West, Big Sean, Quavo & 2 ChainzCastro
50%
QUAVO HUNCHO#10Quavo ft. SaweetieGive It To Em
50%
JEFFERY#10Young Thug ft. Quavo, Offset & Young ScooterGuwop
50%
Beach House 3#18Ty Dolla $ign ft. Gucci Mane & QuavoPineapple
50%
Lil Boat 2#15Lil Yachty ft. QuavoTalk to Me Nice
50%
Perfect Ten#25Mustard, YG, Meek Mill, 21 Savage & Quavo100 Bands
0%
QUAVO HUNCHO#23QuavoShine
0%

Score Distribution

Percentile by Number Answered

Percent of People with Each Score

Your Score History

You have not taken this quiz